[Event "Terme Krka OPEN 2018"]
[Site "Otočec, Slovenia"]
[Date "2018.12.26"]
[Round "4.3"]
[White "Pozun, Matej"]
[Black "Dobrovoljc, Vid"]
[Result "1/2-1/2"]
[WhiteElo "2029"]
[BlackElo "2328"]

1. e4 {[%clk 01:30:52]} {[%emt 00:00:05]} c5 {[%clk 01:29:47]} {[%emt
00:01:13]} 2. Nf3 {[%clk 01:31:01]} {[%emt 00:00:28]} d6 {[%clk 01:30:09]}
{[%emt 00:00:06]} 3. d4 {[%clk 01:31:05]} {[%emt 00:00:22]} cxd4 {[%clk
01:30:33]} {[%emt 00:00:26]} 4. Nxd4 {[%clk 01:31:25]} Nf6 {[%clk 01:30:58]} 5.
Nc3 {[%clk 01:31:48]} Nc6 {[%clk 01:30:37]} {[%emt 00:00:56]} 6. Bc4 {[%clk
01:29:59]} e6 {[%clk 01:30:51]} {[%emt 00:02:57]} 7. Be3 {[%clk 01:29:22]} a6
{[%clk 01:30:52]} {[%emt 00:01:10]} 8. Bb3 {[%clk 01:24:07]} Qc7 {[%clk
01:26:53]} {[%emt 00:10:15]} 9. Qe2 {[%clk 01:19:01]} Bd7 {[%clk 01:26:37]}
{[%emt 00:06:22]} 10. O-O-O {[%clk 01:05:34]} b5 {[%clk 01:26:49]} {[%emt
00:14:23]} 11. f3 {[%clk 00:46:55]} b4 {[%clk 01:24:18]} {[%emt 00:22:02]} 12.
Na4 {[%clk 00:46:28]} Na5 {[%clk 01:20:47]} {[%emt 00:04:58]} 13. g4 {[%clk
00:42:42]} Be7 {[%clk 01:17:28]} {[%emt 00:08:12]} 14. g5 {[%clk 00:41:51]} Nh5
{[%clk 01:17:48]} {[%emt 00:01:26]} 15. f4 {[%clk 00:37:34]} g6 {[%clk
01:17:01]} {[%emt 00:06:01]} 16. Kb1 {[%clk 00:35:00]} {[%emt 00:03:03]} Nxb3
{[%clk 01:16:08]} {[%emt 00:01:26]} 17. axb3 {[%clk 00:35:20]} {[%emt
00:00:07]} O-O {[%clk 01:09:30]} {[%emt 00:07:11]} 18. f5 {[%clk 00:33:16]}
{[%emt 00:02:32]} e5 {[%clk 01:07:19]} {[%emt 00:02:41]} 19. f6 {[%clk
00:31:21]} {[%emt 00:02:24]} Bd8 {[%clk 01:06:45]} {[%emt 00:01:13]} 20. Nf5
{[%clk 00:30:44]} {[%emt 00:01:03]} Bxf5 {[%clk 01:00:57]} {[%emt 00:06:13]} 21.
exf5 {[%clk 00:31:02]} {[%emt 00:00:30]} Qc6 {[%clk 01:01:21]} 22. fxg6 {[%clk
00:28:19]} {[%emt 00:03:07]} hxg6 {[%clk 01:01:46]} {[%emt 00:00:01]} 23. Qd3
{[%clk 00:23:36]} {[%emt 00:05:12]} Bc7 {[%clk 01:01:33]} {[%emt 00:00:41]} 24.
Qd5 {[%clk 00:21:41]} {[%emt 00:02:26]} Qxd5 {[%clk 01:01:49]} {[%emt
00:00:38]} 25. Rxd5 {[%clk 00:22:08]} Rab8 {[%clk 01:02:15]} 26. Rf1 {[%clk
00:19:49]} {[%emt 00:02:31]} Rfc8 {[%clk 00:59:39]} {[%emt 00:03:06]} 27. Ka2
{[%clk 00:19:28]} {[%emt 00:01:13]} Rb5 {[%clk 00:59:53]} {[%emt 00:00:06]} 28.
c4 {[%clk 00:17:16]} {[%emt 00:02:53]} Rxd5 {[%clk 00:58:53]} {[%emt 00:01:48]}
29. cxd5 {[%clk 00:17:40]} Bd8 {[%clk 00:57:56]} {[%emt 00:00:52]} 30. Kb1
{[%clk 00:17:11]} {[%emt 00:01:02]} Kf8 {[%clk 00:58:14]} {[%emt 00:00:34]} 31.
Rc1 {[%clk 00:15:19]} {[%emt 00:02:01]} Rxc1+ {[%clk 00:55:45]} {[%emt
00:02:54]} 32. Kxc1 {[%clk 00:15:45]} {[%emt 00:00:36]} Nf4 {[%clk 00:53:29]}
{[%emt 00:02:15]} 33. Bxf4 {[%clk 00:15:59]} {[%emt 00:00:40]} exf4 {[%clk
00:53:55]} {[%emt 00:00:02]} 34. Kd2 {[%clk 00:14:28]} {[%emt 00:01:40]} Ba5
{[%clk 00:51:39]} {[%emt 00:02:58]} 35. Ke2 {[%clk 00:14:34]} {[%emt 00:00:37]}
f3+ {[%clk 00:51:48]} {[%emt 00:00:06]} 36. Kxf3 {[%clk 00:14:56]} Kg8 {[%clk
00:52:06]} {[%emt 00:00:14]} 37. h4 {[%clk 00:14:11]} {[%emt 00:01:41]} Kf8
{[%clk 00:50:59]} {[%emt 00:01:28]} 38. Kf4 {[%clk 00:10:16]} {[%emt 00:04:01]}
Bd8 {[%clk 00:50:39]} {[%emt 00:01:08]} 39. Kg4 {[%clk 00:10:14]} {[%emt
00:00:14]} Kg8 {[%clk 00:50:35]} {[%emt 00:00:35]} 40. Kf4 {[%clk 00:10:35]}
{[%emt 00:00:32]} 1/2-1/2

[Event "Terme Krka OPEN 2018"]
[Site "Otočec, Slovenia"]
[Date "2018.12.26"]
[Round "4.7"]
[White "Zupan, Gorazd"]
[Black "Acimovic, Sergej"]
[Result "1/2-1/2"]
[WhiteElo "1641"]
[BlackElo "2003"]

1. e4 {[%clk 01:30:08]} {[%emt 00:00:51]} c5 {[%clk 01:30:11]} {[%emt
00:00:48]} 2. Nf3 {[%clk 01:30:29]} {[%emt 00:00:30]} Nc6 {[%clk 01:30:15]}
{[%emt 00:00:08]} 3. Bb5 {[%clk 01:30:44]} {[%emt 00:00:12]} e6 {[%clk
01:30:20]} {[%emt 00:00:40]} 4. O-O {[%clk 01:31:04]} {[%emt 00:00:18]} Nge7
{[%clk 01:30:17]} {[%emt 00:00:11]} 5. Re1 {[%clk 01:31:10]} {[%emt 00:00:32]}
a6 {[%clk 01:30:22]} {[%emt 00:00:16]} 6. Bf1 {[%clk 01:31:24]} {[%emt
00:00:17]} d5 {[%clk 01:28:47]} {[%emt 00:02:04]} 7. exd5 {[%clk 01:31:33]}
{[%emt 00:00:21]} Nxd5 {[%clk 01:28:53]} {[%emt 00:00:24]} 8. d4 {[%clk
01:31:49]} {[%emt 00:00:34]} Be7 {[%clk 01:24:49]} {[%emt 00:04:15]} 9. c4
{[%clk 01:30:05]} {[%emt 00:02:13]} Nf6 {[%clk 01:23:48]} {[%emt 00:01:42]} 10.
Be3 {[%clk 01:28:25]} {[%emt 00:02:11]} cxd4 {[%clk 01:20:09]} {[%emt
00:04:02]} 11. Nxd4 {[%clk 01:28:34]} {[%emt 00:00:24]} Qc7 {[%clk 01:19:04]}
{[%emt 00:01:27]} 12. Nc3 {[%clk 01:27:18]} {[%emt 00:01:47]} O-O {[%clk
01:18:00]} {[%emt 00:01:32]} 13. Qe2 {[%clk 01:23:18]} {[%emt 00:04:38]} Rd8
{[%clk 01:10:35]} {[%emt 00:07:49]} 14. Nxc6 {[%clk 01:20:44]} {[%emt
00:03:02]} Qxc6 {[%clk 01:10:47]} {[%emt 00:00:19]} 15. g3 {[%clk 01:20:57]}
{[%emt 00:00:25]} Bd7 {[%clk 01:04:22]} {[%emt 00:06:49]} 16. Bg2 {[%clk
01:20:39]} {[%emt 00:00:48]} Qc8 {[%clk 00:59:18]} {[%emt 00:05:43]} 17. Bb6
{[%clk 01:19:28]} {[%emt 00:01:29]} Re8 {[%clk 00:59:20]} {[%emt 00:00:30]} 18.
Rac1 {[%clk 01:16:32]} {[%emt 00:03:26]} Bc6 {[%clk 00:59:09]} {[%emt
00:00:40]} 19. Ne4 {[%clk 01:16:20]} {[%emt 00:01:15]} Nxe4 {[%clk 00:41:44]}
{[%emt 00:17:39]} 20. Bxe4 {[%clk 01:16:40]} Bxe4 {[%clk 00:41:57]} {[%emt
00:00:10]} 21. Qxe4 {[%clk 01:17:01]} {[%emt 00:00:17]} Qc6 {[%clk 00:42:14]}
{[%emt 00:00:05]} 22. Qxc6 {[%clk 01:15:22]} {[%emt 00:02:06]} bxc6 {[%clk
00:42:38]} {[%emt 00:00:19]} 23. a4 {[%clk 01:14:02]} {[%emt 00:01:40]} a5
{[%clk 00:33:40]} {[%emt 00:09:29]} 24. c5 {[%clk 01:09:54]} {[%emt 00:04:42]}
Bd8 {[%clk 00:31:11]} {[%emt 00:02:53]} 25. Red1 {[%clk 01:08:18]} {[%emt
00:02:10]} Rb8 {[%clk 00:30:41]} {[%emt 00:00:57]} 26. Bxd8 {[%clk 00:52:36]}
{[%emt 00:16:09]} Rexd8 {[%clk 00:30:31]} {[%emt 00:00:42]} 27. Rd6 {[%clk
00:52:33]} {[%emt 00:00:34]} Rdc8 {[%clk 00:27:29]} {[%emt 00:03:29]} 28. Rcd1
{[%clk 00:52:09]} {[%emt 00:00:58]} h5 {[%clk 00:22:03]} {[%emt 00:05:52]} 29.
R1d2 {[%clk 00:49:36]} {[%emt 00:03:05]} Rb4 {[%clk 00:08:41]} {[%emt
00:13:55]} 30. R6d4 {[%clk 00:44:07]} {[%emt 00:05:56]} Rcb8 {[%clk 00:08:49]}
{[%emt 00:00:24]} 31. Rd6 {[%clk 00:42:40]} {[%emt 00:02:04]} Rc8 {[%clk
00:07:44]} {[%emt 00:01:26]} 32. R6d4 {[%clk 00:42:21]} {[%emt 00:00:49]} Rcb8
{[%clk 00:08:05]} {[%emt 00:00:36]} 33. Rxb4 {[%clk 00:25:22]} {[%emt
00:17:15]} Rxb4 {[%clk 00:08:21]} {[%emt 00:00:05]} 34. Rd8+ {[%clk 00:25:34]}
{[%emt 00:00:14]} Kh7 {[%clk 00:08:45]} {[%emt 00:00:29]} 35. Rd6 {[%clk
00:25:55]} Rxb2 {[%clk 00:06:54]} {[%emt 00:02:24]} 36. Rxc6 {[%clk 00:26:15]}
{[%emt 00:00:06]} Rb4 {[%clk 00:06:57]} {[%emt 00:00:17]} 37. Rc7 {[%clk
00:21:04]} {[%emt 00:05:38]} Kg6 {[%clk 00:06:33]} {[%emt 00:00:53]} 38. Ra7
{[%clk 00:21:16]} {[%emt 00:00:42]} Rxa4 {[%clk 00:06:37]} {[%emt 00:00:10]} 39.
c6 {[%clk 00:21:33]} {[%emt 00:00:16]} Rc4 {[%clk 00:06:55]} {[%emt 00:00:08]}
40. c7 {[%clk 00:20:38]} {[%emt 00:01:33]} a4 {[%clk 00:07:13]} {[%emt
00:00:12]} 41. h4 {[%clk 00:20:18]} {[%emt 00:00:36]} a3 {[%clk 00:06:36]}
{[%emt 00:01:16]} 42. Kg2 {[%clk 00:20:01]} {[%emt 00:00:38]} a2 {[%clk
00:06:44]} {[%emt 00:00:24]} 43. Rxa2 {[%clk 00:20:21]} {[%emt 00:00:08]} Rxc7
{[%clk 00:07:08]} {[%emt 00:00:36]} 44. Ra5 {[%clk 00:20:31]} {[%emt 00:00:03]}
f6 {[%clk 00:06:49]} {[%emt 00:00:40]} 45. Ra6 {[%clk 00:20:45]} {[%emt
00:00:13]} e5 {[%clk 00:05:49]} {[%emt 00:01:29]} 46. Ra2 {[%clk 00:20:42]}
{[%emt 00:00:33]} Rd7 {[%clk 00:05:43]} {[%emt 00:00:36]} 47. Rb2 {[%clk
00:20:51]} {[%emt 00:00:20]} Kf5 {[%clk 00:05:35]} {[%emt 00:00:38]} 48. Ra2
{[%clk 00:19:56]} {[%emt 00:01:26]} Rc7 {[%clk 00:04:48]} {[%emt 00:01:19]} 49.
Rb2 {[%clk 00:19:38]} {[%emt 00:00:50]} e4 {[%clk 00:03:19]} {[%emt 00:01:58]}
50. Ra2 {[%clk 00:18:33]} {[%emt 00:01:32]} Rd7 {[%clk 00:03:22]} {[%emt
00:00:28]} 51. Rb2 {[%clk 00:17:57]} {[%emt 00:01:09]} Rd6 {[%clk 00:03:25]}
{[%emt 00:00:23]} 52. Kh3 {[%clk 00:16:38]} {[%emt 00:01:49]} Ke5 {[%clk
00:03:16]} {[%emt 00:00:45]} 53. Rb5+ {[%clk 00:15:37]} {[%emt 00:01:24]} Rd5
{[%clk 00:03:38]} {[%emt 00:00:47]} 54. Rb7 {[%clk 00:13:38]} {[%emt 00:01:53]}
Rd2 {[%clk 00:03:44]} {[%emt 00:00:21]} 55. Rxg7 {[%clk 00:13:38]} {[%emt
00:00:49]} Rxf2 {[%clk 00:03:51]} {[%emt 00:00:13]} 56. Re7+ {[%clk 00:13:32]}
{[%emt 00:00:28]} Kd4 {[%clk 00:03:24]} {[%emt 00:00:59]} 57. Rd7+ {[%clk
00:13:23]} {[%emt 00:00:47]} Ke3 {[%clk 00:03:35]} {[%emt 00:00:12]} 58. Ra7
{[%clk 00:12:37]} {[%emt 00:01:15]} Rd2 {[%clk 00:03:00]} {[%emt 00:01:06]} 59.
Ra6 {[%clk 00:12:10]} {[%emt 00:00:54]} Rf2 {[%clk 00:01:50]} {[%emt 00:01:42]}
60. Ra3+ {[%clk 00:11:43]} {[%emt 00:00:55]} Kd4 {[%clk 00:02:13]} {[%emt
00:00:21]} 61. Ra4+ {[%clk 00:11:43]} {[%emt 00:00:17]} Ke5 {[%clk 00:01:30]}
{[%emt 00:01:15]} 62. Ra5+ {[%clk 00:09:47]} {[%emt 00:02:23]} Ke6 {[%clk
00:01:35]} {[%emt 00:00:24]} 63. Ra6+ {[%clk 00:08:15]} {[%emt 00:02:03]} Kf5
{[%clk 00:01:41]} {[%emt 00:00:29]} 64. Ra5+ {[%clk 00:07:57]} {[%emt
00:00:43]} Kg6 {[%clk 00:02:05]} {[%emt 00:00:36]} 65. Ra4 {[%clk 00:07:37]}
{[%emt 00:00:24]} Re2 {[%clk 00:01:51]} {[%emt 00:00:41]} 66. Rb4 {[%clk
00:07:21]} {[%emt 00:00:51]} Re3 {[%clk 00:01:14]} {[%emt 00:01:04]} 67. Kg2
{[%clk 00:07:20]} {[%emt 00:00:26]} Kf5 {[%clk 00:01:14]} {[%emt 00:00:33]} 68.
Kf2 {[%clk 00:06:12]} {[%emt 00:01:45]} Ra3 {[%clk 00:01:14]} {[%emt 00:00:22]}
69. Rc4 {[%clk 00:04:36]} {[%emt 00:02:07]} Ra2+ {[%clk 00:00:54]} {[%emt
00:00:50]} 70. Ke3 {[%clk 00:04:51]} {[%emt 00:00:14]} Kg4 {[%clk 00:00:59]}
{[%emt 00:00:28]} 71. Kxe4 {[%clk 00:04:55]} {[%emt 00:00:24]} Kxg3 {[%clk
00:00:43]} {[%emt 00:00:45]} 72. Kf5 {[%clk 00:05:09]} {[%emt 00:00:52]} Rf2+
{[%clk 00:00:42]} {[%emt 00:00:05]} 73. Kg6 {[%clk 00:05:17]} {[%emt 00:00:37]}
f5 {[%clk 00:00:46]} {[%emt 00:00:07]} 74. Kxh5 {[%clk 00:05:14]} {[%emt
00:00:27]} f4 {[%clk 00:01:11]} {[%emt 00:00:13]} 75. Kg5 {[%clk 00:05:08]}
{[%emt 00:00:27]} f3 {[%clk 00:00:43]} {[%emt 00:01:04]} 76. h5 {[%clk
00:05:11]} {[%emt 00:00:21]} Rg2 {[%clk 00:00:41]} {[%emt 00:00:34]} 77. Rf4
{[%clk 00:01:50]} {[%emt 00:03:49]} Ra2 {[%clk 00:00:57]} {[%emt 00:00:37]} 78.
Rg4+ {[%clk 00:01:24]} {[%emt 00:00:33]} Kh3 {[%clk 00:01:03]} {[%emt
00:00:24]} 79. Rh4+ {[%clk 00:01:43]} {[%emt 00:00:35]} Kg2 {[%clk 00:01:13]}
{[%emt 00:00:03]} 80. Rg4+ {[%clk 00:02:02]} {[%emt 00:00:05]} Kf1 {[%clk
00:01:14]} {[%emt 00:00:27]} 81. h6 {[%clk 00:01:58]} {[%emt 00:00:37]} Ra5+
{[%clk 00:01:00]} {[%emt 00:00:43]} 1/2-1/2

[Event "Terme Krka OPEN 2018"]
[Site "Otočec, Slovenia"]
[Date "2018.12.26"]
[Round "4.9"]
[White "Bajo, Tin"]
[Black "Topolovec, Vid"]
[Result "1/2-1/2"]
[WhiteElo "1952"]
[BlackElo "1699"]

1. e4 {[%clk 01:30:55]} e5 {[%clk 01:30:52]} 2. Nf3 {[%clk 01:31:19]} Nc6
{[%clk 01:31:11]} {[%emt 00:00:12]} 3. Bc4 {[%clk 01:31:34]} {[%emt 00:00:26]}
Nf6 {[%clk 01:31:24]} {[%emt 00:00:08]} 4. d3 {[%clk 01:31:55]} {[%emt
00:00:09]} Bc5 {[%clk 01:31:17]} {[%emt 00:00:33]} 5. c3 {[%clk 01:32:05]}
{[%emt 00:00:31]} O-O {[%clk 01:27:29]} {[%emt 00:04:09]} 6. Bb3 {[%clk
01:31:27]} {[%emt 00:01:06]} d5 {[%clk 01:26:39]} {[%emt 00:01:22]} 7. Qe2
{[%clk 01:31:38]} {[%emt 00:00:18]} d4 {[%clk 01:20:53]} {[%emt 00:06:16]} 8.
Nbd2 {[%clk 01:27:10]} {[%emt 00:05:01]} Bg4 {[%clk 01:17:50]} {[%emt
00:03:31]} 9. h3 {[%clk 01:27:18]} {[%emt 00:00:24]} Bh5 {[%clk 01:16:05]}
{[%emt 00:02:12]} 10. Nf1 {[%clk 01:25:01]} {[%emt 00:02:48]} Qd6 {[%clk
01:10:21]} {[%emt 00:06:17]} 11. Ng3 {[%clk 01:23:12]} {[%emt 00:02:15]} Bg6
{[%clk 01:10:28]} {[%emt 00:00:24]} 12. Nh4 {[%clk 01:16:28]} {[%emt 00:07:14]}
Ne7 {[%clk 01:10:20]} {[%emt 00:00:39]} 13. f4 {[%clk 01:00:57]} {[%emt
00:15:59]} h6 {[%clk 01:04:52]} {[%emt 00:06:12]} 14. f5 {[%clk 00:56:04]}
{[%emt 00:05:24]} Bh7 {[%clk 01:05:08]} {[%emt 00:00:04]} 15. Bc2 {[%clk
00:54:35]} {[%emt 00:02:16]} a5 {[%clk 01:01:21]} {[%emt 00:03:56]} 16. a4
{[%clk 00:50:48]} {[%emt 00:04:17]} Kh8 {[%clk 00:57:14]} {[%emt 00:04:42]} 17.
Nh5 {[%clk 00:49:57]} {[%emt 00:01:25]} Neg8 {[%clk 00:54:59]} {[%emt
00:02:55]} 18. Nxf6 {[%clk 00:49:10]} {[%emt 00:01:01]} Qxf6 {[%clk 00:49:01]}
{[%emt 00:06:26]} 19. Nf3 {[%clk 00:49:03]} {[%emt 00:00:34]} Rfe8 {[%clk
00:39:51]} {[%emt 00:09:41]} 20. g4 {[%clk 00:48:17]} {[%emt 00:01:16]} Qd8
{[%clk 00:38:07]} {[%emt 00:02:26]} 21. g5 {[%clk 00:45:29]} {[%emt 00:03:09]}
hxg5 {[%clk 00:31:53]} {[%emt 00:06:41]} 22. Nxg5 {[%clk 00:44:05]} {[%emt
00:02:18]} Nh6 {[%clk 00:31:48]} {[%emt 00:00:11]} 23. Qh5 {[%clk 00:39:25]}
{[%emt 00:05:10]} Bg8 {[%clk 00:28:02]} {[%emt 00:04:14]} 24. Nf3 {[%clk
00:34:39]} {[%emt 00:05:24]} Ra6 {[%clk 00:27:23]} {[%emt 00:01:01]} 25. Bg5
{[%clk 00:28:45]} {[%emt 00:06:26]} Qd6 {[%clk 00:22:58]} {[%emt 00:04:57]} 26.
f6 {[%clk 00:21:00]} {[%emt 00:08:12]} Qf8 {[%clk 00:22:46]} {[%emt 00:00:45]}
27. Bxh6 {[%clk 00:18:30]} {[%emt 00:02:59]} gxh6 {[%clk 00:22:52]} {[%emt
00:00:20]} 28. Nxe5 {[%clk 00:18:28]} {[%emt 00:00:33]} Rxe5 {[%clk 00:14:02]}
{[%emt 00:09:22]} 29. Qxe5 {[%clk 00:18:45]} {[%emt 00:00:11]} Re6 {[%clk
00:13:38]} {[%emt 00:00:55]} 30. Qf4 {[%clk 00:15:50]} {[%emt 00:03:22]} Bd6
{[%clk 00:13:39]} {[%emt 00:00:30]} 31. Qf2 {[%clk 00:12:35]} {[%emt 00:04:03]}
Be5 {[%clk 00:12:27]} {[%emt 00:01:24]} 32. Qd2 {[%clk 00:06:14]} {[%emt
00:06:51]} dxc3 {[%clk 00:12:23]} {[%emt 00:00:59]} 33. bxc3 {[%clk 00:06:29]}
Rxf6 {[%clk 00:12:42]} {[%emt 00:00:03]} 34. Rf1 {[%clk 00:05:21]} {[%emt
00:01:36]} Bg3+ {[%clk 00:12:39]} {[%emt 00:00:31]} 35. Ke2 {[%clk 00:05:40]}
{[%emt 00:00:16]} Rg6 {[%clk 00:10:47]} {[%emt 00:02:20]} 36. Qe3 {[%clk
00:01:57]} {[%emt 00:04:10]} Bh4 {[%clk 00:10:39]} {[%emt 00:01:29]} 37. Rg1
{[%clk 00:01:38]} Bg5 {[%clk 00:10:45]} {[%emt 00:00:23]} 38. Qd4+ {[%clk
00:02:02]} {[%emt 00:00:09]} Bf6 {[%clk 00:09:13]} {[%emt 00:01:59]} 39. e5
{[%clk 00:01:12]} {[%emt 00:01:21]} Qe7 {[%clk 00:08:40]} {[%emt 00:01:04]} 40.
Rxg6 {[%clk 00:01:23]} {[%emt 00:00:28]} fxg6 {[%clk 00:09:04]} 41. Qe4 {[%clk
00:01:27]} {[%emt 00:00:40]} Bxe5 {[%clk 00:08:36]} {[%emt 00:00:47]} 42. d4
{[%clk 00:01:01]} {[%emt 00:01:07]} Bd6 {[%clk 00:07:36]} {[%emt 00:01:10]} 43.
Qxe7 {[%clk 00:01:24]} {[%emt 00:00:35]} Bxe7 {[%clk 00:07:57]} {[%emt
00:00:02]} 44. Bxg6 {[%clk 00:01:47]} Be6 {[%clk 00:07:40]} {[%emt 00:00:47]}
45. Be4 {[%clk 00:01:21]} {[%emt 00:00:45]} b6 {[%clk 00:07:24]} {[%emt
00:00:53]} 46. Bg2 {[%clk 00:01:35]} {[%emt 00:00:09]} h5 {[%clk 00:07:22]}
{[%emt 00:00:31]} 47. Kd3 {[%clk 00:01:34]} {[%emt 00:00:37]} Kg7 {[%clk
00:07:12]} {[%emt 00:00:34]} 48. Rf1 {[%clk 00:00:34]} {[%emt 00:01:28]} Bd7
{[%clk 00:07:01]} {[%emt 00:00:41]} 49. Ra1 {[%clk 00:00:35]} {[%emt 00:00:41]}
h4 {[%clk 00:07:01]} {[%emt 00:00:25]} 50. c4 {[%clk 00:00:41]} {[%emt
00:00:18]} Kf6 {[%clk 00:06:32]} {[%emt 00:00:58]} 51. Rf1+ {[%clk 00:00:32]}
{[%emt 00:00:52]} Kg7 {[%clk 00:06:38]} {[%emt 00:00:11]} 52. Ra1 {[%clk
00:00:31]} {[%emt 00:00:37]} Kf6 {[%clk 00:06:39]} {[%emt 00:00:22]} 53. Kc2
{[%clk 00:00:38]} {[%emt 00:00:28]} Bd6 {[%clk 00:05:42]} {[%emt 00:01:23]} 54.
Rf1+ {[%clk 00:00:44]} {[%emt 00:00:25]} Kg5 {[%clk 00:05:35]} {[%emt
00:00:46]} 55. Kb3 {[%clk 00:00:59]} {[%emt 00:00:04]} Bf5 {[%clk 00:05:36]}
{[%emt 00:00:29]} 56. Rf3 {[%clk 00:00:34]} {[%emt 00:00:56]} Be4 {[%clk
00:05:20]} {[%emt 00:00:45]} 57. Rf2 {[%clk 00:00:54]} {[%emt 00:00:23]} Bf5
{[%clk 00:04:53]} {[%emt 00:01:26]} 58. Rf1 {[%clk 00:00:38]} {[%emt 00:00:05]}
Bd3 {[%clk 00:04:20]} {[%emt 00:01:02]} 59. Rc1 {[%clk 00:00:41]} {[%emt
00:00:26]} Bf5 {[%clk 00:03:26]} {[%emt 00:01:24]} 60. c5 {[%clk 00:00:44]}
{[%emt 00:01:30]} bxc5 {[%clk 00:02:32]} {[%emt 00:00:22]} 61. dxc5 {[%clk
00:00:43]} {[%emt 00:00:33]} Be6+ {[%clk 00:02:39]} {[%emt 00:00:22]} 62. Ka3
{[%clk 00:00:34]} {[%emt 00:00:40]} Be7 {[%clk 00:02:47]} {[%emt 00:00:20]} 63.
Rc3 {[%clk 00:00:32]} {[%emt 00:00:41]} Kf4 {[%clk 00:02:42]} {[%emt 00:00:42]}
64. Rf3+ {[%clk 00:00:35]} {[%emt 00:00:17]} Kg5 {[%clk 00:02:56]} {[%emt
00:00:19]} 65. Rc3 {[%clk 00:00:35]} {[%emt 00:00:21]} Kf4 {[%clk 00:03:22]}
{[%emt 00:00:05]} 66. Rf3+ {[%clk 00:00:46]} {[%emt 00:00:18]} Kg5 {[%clk
00:03:44]} {[%emt 00:00:48]} 67. Rc3 {[%clk 00:00:36]} 1/2-1/2

[Event "Terme Krka OPEN 2018"]
[Site "Otočec, Slovenia"]
[Date "2018.12.26"]
[Round "4.2"]
[White "Solmajer, Luka"]
[Black "Urbanc, Peter"]
[Result "0-1"]
[WhiteElo "2045"]
[BlackElo "2280"]

1. d4 {[%clk 01:30:59]} Nf6 {[%clk 01:27:48]} {[%emt 00:03:13]} 2. Nf3 {[%clk
01:30:14]} {[%emt 00:01:16]} e6 {[%clk 01:28:01]} {[%emt 00:00:17]} 3. c4
{[%clk 01:29:29]} {[%emt 00:01:19]} d5 {[%clk 01:28:12]} {[%emt 00:00:32]} 4.
g3 {[%clk 01:29:42]} {[%emt 00:00:07]} Be7 {[%clk 01:28:15]} {[%emt 00:00:48]}
5. Bg2 {[%clk 01:30:06]} {[%emt 00:00:02]} O-O {[%clk 01:28:29]} 6. O-O {[%clk
01:29:22]} {[%emt 00:01:04]} b6 {[%clk 01:25:46]} {[%emt 00:03:17]} 7. Nbd2
{[%clk 01:25:40]} {[%emt 00:04:10]} Bb7 {[%clk 01:25:44]} {[%emt 00:00:32]} 8.
b3 {[%clk 01:25:12]} {[%emt 00:01:20]} Nbd7 {[%clk 01:21:46]} {[%emt 00:04:10]}
9. Bb2 {[%clk 01:25:16]} {[%emt 00:00:37]} c5 {[%clk 01:21:04]} {[%emt
00:00:56]} 10. e3 {[%clk 01:06:52]} {[%emt 00:18:54]} Rc8 {[%clk 01:21:00]}
{[%emt 00:00:56]} 11. Ne5 {[%clk 00:59:06]} {[%emt 00:08:07]} Nxe5 {[%clk
01:19:23]} {[%emt 00:01:58]} 12. dxe5 {[%clk 00:52:38]} {[%emt 00:07:02]} Ne8
{[%clk 01:19:44]} {[%emt 00:00:39]} 13. f4 {[%clk 00:38:45]} {[%emt 00:13:58]}
Rc7 {[%clk 01:17:09]} {[%emt 00:02:53]} 14. e4 {[%clk 00:22:39]} {[%emt
00:16:39]} d4 {[%clk 01:15:03]} {[%emt 00:02:34]} 15. f5 {[%clk 00:16:06]}
{[%emt 00:07:05]} Bg5 {[%clk 01:14:28]} {[%emt 00:01:14]} 16. Bc1 {[%clk
00:11:59]} {[%emt 00:04:25]} f6 {[%clk 01:07:18]} {[%emt 00:07:41]} 17. exf6
{[%clk 00:08:21]} {[%emt 00:04:07]} Nxf6 {[%clk 01:06:58]} {[%emt 00:00:53]} 18.
fxe6 {[%clk 00:04:02]} {[%emt 00:04:46]} Be3+ {[%clk 01:05:32]} {[%emt
00:01:59]} 19. Kh1 {[%clk 00:04:28]} {[%emt 00:00:03]} Qe8 {[%clk 01:04:54]}
{[%emt 00:01:11]} 20. e5 {[%clk 00:03:48]} {[%emt 00:01:05]} Qa8 {[%clk
01:05:17]} {[%emt 00:00:33]} 21. Nf3 {[%clk 00:02:20]} {[%emt 00:01:32]} Ng4
{[%clk 01:05:40]} {[%emt 00:00:38]} 22. Qe2 {[%clk 00:01:15]} {[%emt 00:01:06]}
Nf2+ {[%clk 01:05:43]} {[%emt 00:00:25]} 23. Rxf2 {[%clk 00:01:06]} {[%emt
00:00:45]} Bxf2 {[%clk 01:06:09]} {[%emt 00:00:21]} 24. Bf4 {[%clk 00:00:47]}
{[%emt 00:00:50]} Be3 {[%clk 01:06:06]} {[%emt 00:00:42]} 25. Bxe3 {[%clk
00:00:58]} Bxf3 {[%clk 01:06:31]} 26. Bxf3 {[%clk 00:00:48]} {[%emt 00:00:30]}
Rxf3 {[%clk 01:06:55]} {[%emt 00:00:26]} 27. Qg2 {[%clk 00:00:35]} {[%emt
00:00:25]} dxe3 {[%clk 01:07:21]} {[%emt 00:00:07]} 28. Kg1 {[%clk 00:00:57]}
{[%emt 00:00:16]} Qf8 {[%clk 01:04:33]} {[%emt 00:03:12]} 29. Rd1 {[%clk
00:01:02]} {[%emt 00:00:21]} Re7 {[%clk 01:04:52]} {[%emt 00:00:09]} 30. Rd6
{[%clk 00:00:41]} {[%emt 00:00:53]} Rf2 {[%clk 01:05:02]} {[%emt 00:00:18]} 0-1